000 00604nam a2200217Ia 4500
005 20250508165030.0
008 008 250505s9999 xx 000 0 eng d
020 _a0-19-914315-3
037 _aTextual
040 _aFEDL
_beng
_cFEDL
041 _aeng
_2eng
084 _a001.42, CRO
_qFEDL
100 _aCrowl Thomas K
_9779767
245 0 _aFundamentals of educational research
260 _aMadison, USA
_bWCB Brown and Benchmark Publishers
_c1993
300 _axvi,428p.
365 _aUSD
_b31
546 _aMACESE
942 _cTEXL
_h001.42, CRO
999 _c1392761
_d1392761